Statistics for Anthems of the world

Click here to take the quiz!

General Stats

  • This quiz has been taken 25 times
  • The average score is 7 of 196

Answers on the Map

Answers color-coded by a green-red scale on the quiz's map according to % correct below.
 

Answer Stats

Country% Correct
God Save the King
65%
The Star-Spangled Banner
60%
O Canada
55%
La Marseillaise
35%
Advance Australia Fair
30%
Deutschlandlied
20%
Maamme
20%
Marcha Real
20%
Wilhelmus
20%
Aegukka
15%
A Portuguesa
15%
Du gamla, du fria
15%
God Defend New Zealand
15%
Kimigayo
15%
La Brabançonne
15%
March of the Volunteers
15%
Aegukga
10%
Arise, O Compatriots
10%
Der er et yndigt land
10%
God Bless Fiji
10%
Indonesia Raya
10%
Jana Gana Mana
10%
Ja, vi elsker dette landet
10%
Negaraku
10%
Swiss Psalm
10%
Amar Sonar Bangla
5%
Amhrán na bhFiann
5%
Bilady, Bilady, Bilady
5%
Bože pravde
5%
Himno Nacional Argentino
5%
Hymn to Liberty
5%
Il Canto degli Italiani
5%
Kaba Ma Kyei
5%
Kassaman
5%
La Concorde
5%
La Tchadienne
5%
Le Lion rouge
5%
Lofsöngur
5%
Lupang Hinirang
5%
Majulah Singapura
5%
Menıñ Qazaqstanym
5%
Mu isamaa, mu õnn ja rõõm
5%
Mungu ibariki Afrika
5%
My Belarusy
5%
Namibia, Land of the Brave
5%
National anthem of South Africa
5%
Orientales, la Patria o la Tumba
5%
Puro, Chile, es tu cielo azulado
5%
Sri Lanka Matha
5%
Stand and Sing of Zambia, Proud and Free
5%
Yumi, Yumi, Yumi
5%
al-Jomhuriyah al-Mottaḥedah
0%
Allah Peliharakan Sultan
0%
All Hail, Liberia, Hail!
0%
Angola Avante
0%
an-Nashīd al-Waṭani
0%
an-Našīd al-Waṭanī as-Suʿūdī
0%
Anthem of the Republic of Kosovo
0%
As-Salam al-Amiri
0%
As-Salam as-Sultani
0%
Azərbaycan marşı
0%
Bahrainona
0%
Belau rekid
0%
Bilāda l-ʾubāti l-hudāti l-kirām
0%
Bolivianos, el Hado Propicio
0%
Burundi Bwacu
0%
Caminemos pisando las sendas de nuestra inmensa felicidad
0%
Cântico da Liberdade
0%
Cherifian Anthem
0%
Dear Land of Guyana, of Rivers and Plains
0%
Debout Congolais
0%
Denes nad Makedonija
0%
Deșteaptă-te, române!
0%
Dievs, svētī Latviju!
0%
Ditanyè
0%
Djibouti
0%
Državna himna Bosne i Hercegovine
0%
Ee Mungu Nguvu Yetu
0%
El gran Carlemany
0%
Eritrea, Eritrea, Eritrea
0%
Esta É a Nossa Pátria Bem Amada
0%
Fair Antigua, We Salute Thee
0%
Fatshe leno la rona
0%
Forever Marshall Islands
0%
Forged from the Love of Liberty
0%
For The Gambia Our Homeland
0%
Garaşsyz, Bitarap Türkmenistanyň Döwlet Gimni
0%
Gloria al Bravo Pueblo
0%
God Bless Our Homeland Ghana
0%
God Save Our Solomon Islands
0%
God zij met ons Suriname
0%
Hail Grenada
0%
Hatikwa
0%
High We Exalt Thee, Realm of the Free
0%
Himni i Flamurit
0%
Himno Istmeño
0%
Himno Nacional de Guatemala
0%
Himno Nacional de Honduras
0%
Himno Nacional de la República de Colombia
0%
Himno Nacional Mexicano
0%
Himno Nacional Paraguayo
0%
Himnusz
0%
Hino Nacional Brasileiro
0%
Humat ad-Diyar
0%
Humat al-Hima
0%
Hymne Monégasque
0%
Independência total
0%
Inno Nazionale della Repubblica
0%
In Plenty and In Time of Need
0%
Ishy Bilady
0%
Isle of Beauty, Isle of Splendour
0%
İstiklal Marşı
0%
Jamaica, Land We Love
0%
Kde domov můj
0%
Ko e fasi ʻo e tuʻi ʻo e ʻOtu Tonga
0%
Koste Seselwa
0%
Koullouna lilouaṭaan lil oula lil alam
0%
Kunan Kiribati
0%
La Bayamesa
0%
L'Abidjanaise
0%
La Congolaise
0%
La Dessalinienne
0%
Land der Berge, Land am Strome
0%
Land of the Free
0%
La Nigérienne
0%
La Renaissance
0%
L'Aube nouvelle
0%
Le Mali
0%
Lesotho Fatse La Bontata Rona
0%
Liberté
0%
Libya, Libya, Libya
0%
Lijepa naša domovino
0%
Limba noastră
0%
L-Innu Malti
0%
March Forward, Dear Mother Ethiopia
0%
March On, Bahamaland
0%
Mawtini
0%
Mer Hayrenik
0%
Mila Rodino
0%
Millī Surūd
0%
Mlungu dalitsani Malaŵi
0%
Mongol Ulsiin töriin duulal
0%
Motherland
0%
Nad Tatrou sa blýska
0%
Nahnu Jund Allah Jund Al-watan
0%
National Anthem of the Kyrgyz Republic
0%
Nauru Bwiema
0%
Nkulunkulu Mnikati wetibusiso temaSwati
0%
Noble patria, tu hermosa bandera
0%
Nokor Reach
0%
O Arise, All You Sons
0%
Oben am jungen Rhein
0%
O Cameroon, Cradle of Our Forefathers
0%
Oh Uganda, Land of Beauty
0%
Oj, svijetla majska zoro
0%
O Land of Beauty
0%
Ons Heemecht
0%
Oʻzbekiston Respublikasining Davlat Madhiyasi
0%
Pátria
0%
Pátria Amada
0%
Patrioticheskaya Pesnya
0%
Patriots of Micronesia
0%
Pheng Xat Lao
0%
Phleng Chat Thai
0%
Poland Is Not Yet Lost
0%
Pontifical Anthem
0%
Qaumii salaam
0%
Qaumi Taranah
0%
Rwanda Nziza
0%
Ry Tanindrazanay malala ô
0%
Saint Vincent, Land so Beautiful
0%
Saludemos la Patria orgullosos
0%
Salve a ti, Nicaragua
0%
Salve, Oh Patria
0%
Sayaun Thunga Phulka
0%
Shche ne vmerla Ukraina
0%
Simudzai Mureza wedu WeZimbabwe
0%
Somos libres
0%
Sons and Daughters of Saint Lucia
0%
Soomaaliyeey toosoo
0%
Sorude Melliye Jomhuriye Eslâmiye Irân
0%
South Sudan Oyee
0%
Surudi Milli
0%
Tautiška giesmė
0%
Tavisupleba
0%
Terre de nos aïeux
0%
The Banner of Freedom
0%
The Royal Anthem of Jordan
0%
The Thunder Dragon Kingdom
0%
Three Principles of the People
0%
Tiến Quân Ca
0%
Tuvalu mo te Atua
0%
Udzima wa ya Masiwa
0%
Valiant Quisqueyans
0%
Zdravljica
0%

Score Distribution

Percentile by Number Answered

Percent of People with Each Score

Your Score History

You have not taken this quiz